| 000 | 01229nam a2200289 i 4500 | ||
|---|---|---|---|
| 001 | 186220 | ||
| 003 | SpMaBN | ||
| 005 | 20250901051441.0 | ||
| 008 | 160920s2011 sp d |||| | spa d | ||
| 080 | _a338.124(460)"2008/..."(063) | ||
| 080 | _a364.65-055.2:351.84(460)(063) | ||
| 080 | _a351.83/.84(460)"2004/..."(063) | ||
| 111 | 2 |
_aTaller de Política Feminista _n(21º. _d2011. _cMadrid) _9160939 |
|
| 245 | 1 | 0 |
_aSalir de la crisis con más igualdad / _cXXI Taller Forum de Política Feminista. |
| 260 |
_aMadrid : _bForum de Política Feminista, _c[2011] |
||
| 300 |
_a95 p. : _bgráf. ; _c22 cm. |
||
| 504 | _aReferencias bibliográficas. | ||
| 650 | 7 |
_aCrisis económicas- _y2008- _zEspaña- _vCongresos y asambleas. _9160940 |
|
| 650 | 7 |
_aMujeres- _xPolítica gubernamental- _zEspaña- _vCongresos y asambleas. _9160941 |
|
| 651 | 7 |
_aEspaña- _xPolítica social- _y2004-2011- _vCongresos y asambleas. _9160942 |
|
| 710 | 2 |
_aFórum de Política Feminista _94150 |
|
| 852 |
_aES-MaACL _jA-13803 _9193275 _bR.150857 _cDEPO1 _dOlim: N-6803 _hDonación: Begoña San José |
||
| 903 |
_9102240 _aSan José, Begoña _ednr |
||
| 942 |
_2udc _cMONOGRAFIA |
||
| 999 |
_c186220 _d186220 |
||